36 bí quyết để trở thành người lãnh đạo giỏi
Gardado en:
| Formato: | Libro |
|---|---|
| Idioma: | Undetermined |
| Publicado: |
Hà Nội
Thông tấn
2001
|
| Những chủ đề: | |
| Các nhãn: |
Engadir etiqueta
Sen Etiquetas, Sexa o primeiro en etiquetar este rexistro!
|
| Thư viện lưu trữ: | Trung tâm Học liệu Trường Đại học Cần Thơ |
|---|
| LEADER | 00558nam a2200181Ia 4500 | ||
|---|---|---|---|
| 001 | CTU_65158 | ||
| 008 | 210402s9999 xx 000 0 und d | ||
| 020 | |b 45000 | ||
| 082 | |a 658.4092 | ||
| 082 | |b B100 | ||
| 245 | 0 | |a 36 bí quyết để trở thành người lãnh đạo giỏi | |
| 245 | 0 | |c Đậu Văn Quyền, Việt Anh biên dịch | |
| 260 | |a Hà Nội | ||
| 260 | |b Thông tấn | ||
| 260 | |c 2001 | ||
| 650 | |a executives,leadership | ||
| 904 | |i TUYẾN | ||
| 980 | |a Trung tâm Học liệu Trường Đại học Cần Thơ | ||